Normal view
MARC view
- Buttazzo, Giorgio .C
Entry Personal Name
001 - CONTROL NUMBER
- control field: 65540
003 - CONTROL NUMBER IDENTIFIER
- control field: NUST
005 - DATE AND TIME OF LATEST TRANSACTION
- control field: 20210628203441.0
008 - FIXED-LENGTH DATA ELEMENTS
- fixed length control field: 210628|| aca||aabn | a|a d
040 ## - CATALOGING SOURCE
- Original cataloging agency: NUST
- Transcribing agency: NUST
100 ## - HEADING--PERSONAL NAME
- Personal name: Buttazzo, Giorgio .C
670 ## - SOURCE DATA FOUND
- Source citation: Work cat.: (NUST): Buttazzo, Giorgio .C, Hard real time computing systems , predictable scheduling algorithms and applications, 2005
